000
00249nam a2200121Ia 4500
100
_a
#N/A
942
_c
BK
245
_a
Thampi - Programming for Mobile and Remote Computers
260
_b
#N/A
082
_b
22106
546
_a
ENGLISH
999
_c
22170
_d
22170